Grandes dominicanos / (Record no. 13431)

MARC details
000 -LEADER
campo de control de longitud fija 02533nam a22002657a 4500
003 - IDENTIFICADOR DE NÚMERO DE CONTROL
campo de control DO-SdINT
005 - FECHA Y HORA DE LA ÚLTIMA TRANSACCIÓN
campo de control 20250520103445.0
008 - DATOS DE LONGITUD FIJA--INFORMACIÓN GENERAL
campo de control de longitud fija 250502t2000 dr ||||| |||| 00| 0 spa d
020 ## - NÚMERO INTERNACIONAL ESTÁNDAR DEL LIBRO
Número Internacional Estándar del Libro 99934-0-135-8
040 ## - FUENTE DE CATALOGACIÓN
Centro catalogador/agencia de origen DO-SdINT
Lengua de catalogación spa
Normas de descripción rda
Centro/agencia transcriptor DO-SdINT
041 ## - CÓDIGO DE IDIOMA
Código de lengua del texto/banda sonora o título independiente spa
044 ## - CÓDIGO DEL PAÍS DE LA ENTIDAD EDITORA/PRODUCTORA
Código MARC del país dr
Código ISO del país DO
072 ## - CÓDIGO DE CATEGORÍA DE MATERIA
Código de categoría de materia CSH
100 1# - ENTRADA PRINCIPAL--NOMBRE DE PERSONA
Nombre de persona Martínez, Carlos T.
Relación aut.
9 (RLIN) 16624
Término indicativo de función/relación autor
245 ## - MENCIÓN DEL TÍTULO
Título Grandes dominicanos /
Mención de responsabilidad, etc. Carlos T. Martínez
264 ## - PRODUCCIÓN, PUBLICACIÓN, DISTRIBUCIÓN, FABRICACIÓN Y COPYRIGHT
Producción, publicación, distribución, fabricación y copyright Santo Domingo :
Nombre del de productor, editor, distribuidor, fabricante Editora Centenario,
Fecha de producción, publicación, distribución, fabricación o copyright 2000
300 ## - DESCRIPCIÓN FÍSICA
Extensión 527 páginas :
Otras características físicas ilustraciones ;
Dimensiones 23 cm
336 ## - TIPO DE CONTENIDO
Fuente rdacontent
Término de tipo de contenido texto
Código de tipo de contenido txt
337 ## - TIPO DE MEDIO
Fuente rdamedia
Nombre/término del tipo de medio sin mediación
Código del tipo de medio n
338 ## - TIPO DE SOPORTE
Fuente rdacarrier
Nombre/término del tipo de soporte volumen
Código del tipo de soporte nc
505 ## - NOTA DE CONTENIDO CON FORMATO
Nota de contenido con formato Se encuentra en físico en el siguiente enlace
520 ## - RESUMEN, ETC.
Sumario, etc. El periodista, locutor y escritor Carlos T. Martínez nació el 9 de noviembre de 1945 en San Pedro de Macorís, ciudad que lo nombró hijo meritorio y distinguido. Fue el primer presidente electo de ACROARTE. Tiene más de 54 años como profesional de las comunicaciones. En la actualidad, produce desde hace mas de 40 años el programa radial Panorama Farandulero y Algo Más. Cada miércoles publica su popular columna Generalidades en el vespertino El Nacional. Ha publicado más de 24 tomos de la serie Grandes Dominicanos, con entrevistas a personalidades de diversos ámbitos que han contribuido dentro de sus especialidades a engrandecer la República Dominicana. Entre otros de sus obras libros se destacan, “Premios Casandra, Historia de Acroarte”, “Confesiones de una ninfómana”, “La vida de Jochy Santos, Con el mismo golpe” y “La más celosa de las mujeres”.<br/>Conocido cariñosamente por sus colegas como “El Deferente”, pero no sólo como melómano, sino como compositor, donde ha escrito, entre otros temas, “Homenaje a Antonio Guzmán Fernández”, “Santo Domingo”, “El merengue”, “El defecto”, “Quiero darte un beso”, “Macana”, “Homenaje a Nelson Mandela” y “Marian Grey”, el que dedicara a su nieta del mismo nombre.<br/>Con una larga lista de reconocimiento entre los que se destacan El Dorado, El Micrófono de Oro, la Medalla Presidencial al Mérito, Cronista del Año, exaltación a la Cabina de la Fama e Inmortal de la Locución Dominicana y Premio al Mérito Periodístico de ACROARTE. Además, recibió en el 2015 el reconocimiento a la trayectoria periodística por parte del Ministerio de Cultura.<br/>
856 ## - LOCALIZACIÓN Y ACCESO ELECTRÓNICOS
Identificador Uniforme de Recurso <a href="https://opacbiblioteca.intec.edu.do/cgi-bin/koha/opac-detail.pl?biblionumber=227121">https://opacbiblioteca.intec.edu.do/cgi-bin/koha/opac-detail.pl?biblionumber=227121</a>
942 ## - ELEMENTOS DE ENTRADA SECUNDARIOS (KOHA)
Tipo de ítem Koha
Fuente de la clasificación o esquema de estantería Clasificación Decimal Dewey
Suprimir en OPAC No
Holdings
Estatus retirado Estado de pérdida Fuente de la clasificación o esquema de estantería Estado de daño No para préstamo Biblioteca de origen Biblioteca actual Fecha de adquisición Total de préstamos Visto por última vez Identificador uniforme de recursos Precio de reemplazo Tipo de ítem Koha
    Clasificación Decimal Dewey     Biblioteca IDEICE Biblioteca IDEICE 20/05/2025   20/05/2025 https://opacbiblioteca.intec.edu.do/cgi-bin/koha/opac-detail.pl?biblionumber=227121 20/05/2025 Libros

© 2024. Todos los Derechos Reservados. Desarrollado por IDEICE